| 000 | 00955nam a2200241Ia 4500 | ||
|---|---|---|---|
| 001 | Z_5374 | ||
| 008 | 220601s9999 xx 000 0 und d | ||
| 020 | _a968-860-450-X | ||
| 082 | _a641.1 M8 | ||
| 100 |
_aMuñoz de Chávez, Miriam _979578 |
||
| 245 | _aTablas de valor nutritivo de los alimentos : edición internacional Español - Inglés / Miriam Muñoz de Chávez y Adolfo Chávez Villasana | ||
| 260 | _aMéxico, D.F. : Pax México | ||
| 300 | _a330 p.: ilus. ; gráfs. ; tablas | ||
| 503 | _ac/e | ||
| 505 | _aIncluye diskett de 3.5 Base de datos de composición química y valor nutritivo de los alimentos de mayor consumo en México 1997. | ||
| 650 |
_aAlimentos - Valor nutritivo \ Nutrición - Tablas \ Alimentos - Análisis _9182301 |
||
| 700 |
_aChávez Villasana, AdolfoÌ _9182302 |
||
| 901 | _a641.1 M8 | ||
| 902 | _aM | ||
| 905 | _a0000001996 0000000000 00 | ||
| 942 | _c1 | ||
| 999 |
_c216958 _d216958 |
||